书目信息 |
| 题名: |
道德王国的重建
|
|
| 作者: | 李蜀人 著 | |
| 分册: | ||
| 出版信息: | 北京 中国社会科学出版社 2005 |
|
| 页数: | 312页 | |
| 开本: | 21cm | |
| 丛书名: | 中国社会科学博士论文文库 | |
| 单 册: | ||
| 中图分类: | B516.31 | |
| 科图分类: | ||
| 主题词: | 道德--研究 , 哲学--欧洲 | |
| 电子资源: | ||
| ISBN: | 7-5004-5012-5 | |
| 000 | 01375nam0 2200361 450 | |
| 000 | 01338nam0 2200349 450 | |
| 000 | 01325nam0 2200349 450 | |
| 000 | 01265nam0 2200337 450 | |
| 000 | 01211nam0 2200313 450 | |
| 000 | 01240nam0 2200301 450 | |
| 000 | 01203nam0 2200289 45 | |
| 001 | TS2006045871 | |
| 005 | 20061227082108.32 | |
| 010 | @a7-5004-5012-5@dCNY24.00 | |
| 100 | @a20060829d2005 kemy0chiy0120 ea | |
| 101 | 0 | @achi |
| 102 | @aCN@b110000 | |
| 105 | @aa z 000yy | |
| 200 | 1 | @a道德王国的重建@ADao De Wang Guo De Chong Jian@e康德道德哲学研究@EKang De Dao De Zhe Xue Yan Jiu@f李蜀人著@FLi Shu Ren Zhu |
| 210 | @a北京@c中国社会科学出版社@d2005 | |
| 215 | @a312页@c照片@d21cm | |
| 225 | 2 | @a中国社会科学博士论文文库 |
| 330 | @a本书通过对康德两种理性划分的研究纠正以及分析以往康德哲学理解上的误区,指出康德道德哲学的目的不是为人类建立一个道德的理想王国,而是将传统的道德哲学奠定在自由和理性这一新的基础上,重建了人类的道德王国。 | |
| 410 | 0 | @12001 @a中国社会科学博士论文文库 |
| 517 | 1 | @a康德道德哲学研究@AKang De Dao De Zhe Xue Yan Jiu |
| 606 | 0 | @a道德@x研究 |
| 606 | 0 | @a哲学@x欧洲 |
| 690 | @aB516.31@v3 | |
| 701 | 0 | @a李蜀人@ALi Shu Ren@4著 |
| 801 | 0 | @aCN@b中图数据@c20061227 |
| 905 | @a10447@dB516.31@e114 | |
| 道德王国的重建:康德道德哲学研究/李蜀人著.-北京:中国社会科学出版社,2005 |
| 312页:照片;21cm.-(中国社会科学博士论文文库) |
| ISBN 7-5004-5012-5:CNY24.00 |
| 本书通过对康德两种理性划分的研究纠正以及分析以往康德哲学理解上的误区,指出康德道德哲学的目的不是为人类建立一个道德的理想王国,而是将传统的道德哲学奠定在自由和理性这一新的基础上,重建了人类的道德王国。 |
| ● |
| 相关链接 |
|
|
|
|
正题名:道德王国的重建
索取号:B516.31/114
 
预约/预借
| 序号 | 登录号 | 条形码 | 馆藏地/架位号 | 状态 | 备注 |
| 1 | 0605582 | 206055828 | 第一样本阅览室/ [索取号:B516.31/114] | 在馆 | |
| 2 | 0605583 | 206055837 | 第一借阅区/ [索取号:B516.31/114] | 在馆 | |
| 3 | 0605584 | 206055846 | 第一借阅区/ [索取号:B516.31/114] | 在馆 | |
| 4 | 0605585 | 206055855 | 第一借阅区/ [索取号:B516.31/114] | 在馆 | |
| 5 | 0605586 | 206055864 | 第一借阅区/ [索取号:B516.31/114] | 在馆 | |
| 6 | 0605587 | 206055873 | 第一借阅区/ [索取号:B516.31/114] | 在馆 |